[Event "XV Weekend"]
[Site "Nichelino ITA"]
[Date "2014.10.03"]
[Round "1"]
[White "Franchini, Gabriele"]
[Black "Ronzano, Luca"]
[WhiteElo "2146"]
[BlackElo "1895"]
[Result "1-0"]
[PlyCount "60"]
[EventDate "2014.10.03"]

1. e4 d5 2. exd5 Nf6 3. d4 Bg4 4. Be2 Bxe2 5. Qxe2 Qxd5 6. Nf3 Nc6 7. c4 Qf5 8.
Bd2 e6 9. O-O O-O-O 10. Be3 Qh5 11. Nc3 Bd6 12. Rfd1 Rhe8 13. h3 h6 14. Rac1 g5
15. Nd2 Qh4 16. Nf3 Qh5 17. Nd2 Qh4 18. Qf3 g4 19. g3 gxf3 20. gxh4 Rg8+ 21.
Kf1 e5 22. Nxf3 e4 23. Nd2 Rde8 24. a3 Bf8 25. Ke2 Nd8 26. Rg1 Rxg1 27. Rxg1 b6
28. d5 c5 29. Bf4 Nb7 30. Nb5 a5 1-0

[Event "XV Weekend"]
[Site "Nichelino ITA"]
[Date "2014.10.03"]
[Round "1"]
[White "Gallucci, Alessio"]
[Black "Di Chiara, Mauro"]
[WhiteElo "2200"]
[BlackElo "1959"]
[Result "1-0"]
[PlyCount "51"]
[EventDate "2014.10.03"]

1. d4 g6 2. Bg5 Bg7 3. Qd2 d6 4. Nc3 Nf6 5. Bh6 O-O 6. h4 Bxh6 7. Qxh6 c5 8. d5
b5 9. Nxb5 Qa5+ 10. Nc3 Nxd5 11. h5 Nf6 12. e4 Be6 13. Nf3 Ng4 14. Qd2 Nc6 15.
Ng5 Nd4 16. Be2 Ne5 17. Nxh7 Rab8 18. hxg6 fxg6 19. b3 Nxc2+ 20. Qxc2 Rxb3 21.
Rc1 Rb4 22. Ng5 Bd7 23. O-O e6 24. f4 Nc6 25. Qd3 Nd4 26. Qh3 1-0

[Event "XV Weekend"]
[Site "Nichelino ITA"]
[Date "2014.10.03"]
[Round "1"]
[White "Llupa, Oltjon"]
[Black "Seletsky, Grigory"]
[WhiteElo "1966"]
[BlackElo "2358"]
[Result "0-1"]
[PlyCount "62"]
[EventDate "2014.10.03"]

1. d4 Nf6 2. c4 d6 3. Nf3 g6 4. Nc3 Bg7 5. g3 O-O 6. Bg2 Na6 7. O-O c5 8. d5
Nc7 9. Bg5 a6 10. Qc1 b5 11. Bh6 Rb8 12. Bxg7 Kxg7 13. b3 Bg4 14. e4 Bxf3 15.
Bxf3 e5 16. dxe6 Nxe6 17. cxb5 Nd4 18. Bg2 axb5 19. Re1 b4 20. Ne2 Nb5 21. e5
dxe5 22. Qxc5 Qd6 23. Rac1 Rfd8 24. Bc6 Na3 25. Qe3 Rbc8 26. Ba4 Nc2 27. Rxc2
Rxc2 28. f4 exf4 29. Nxf4 Qd2 30. Qxd2 Rdxd2 31. h4 Ne4 0-1

[Event "XV Weekend"]
[Site "Nichelino ITA"]
[Date "2014.10.03"]
[Round "1"]
[White "Martin, Tiziano"]
[Black "Frigieri, Fabrizio"]
[WhiteElo "1926"]
[BlackElo "2171"]
[Result "0-1"]
[PlyCount "64"]
[EventDate "2014.10.03"]

1. d4 d5 2. Nf3 e6 3. e3 Nf6 4. Bd3 c5 5. c3 Nc6 6. Nbd2 Be7 7. O-O O-O 8. dxc5
Bxc5 9. e4 e5 10. exd5 Qxd5 11. Qc2 h6 12. Ne4 Nxe4 13. Bxe4 Qe6 14. Re1 Bd6
15. Bf4 Qf6 16. Bxc6 Qxf4 17. Be4 Kh8 18. Rad1 Bc7 19. g3 Qf6 20. Rd3 Qa6 21.
Rd5 Be6 22. Rd2 Qxa2 23. Bxb7 Rab8 24. Be4 f5 25. Nh4 fxe4 26. Ng6+ Kg8 27.
Nxf8 Rxf8 28. Qxe4 Qa6 29. Rc1 Bf5 30. Qe2 Qe6 31. Qb5 Bb6 32. Re1 e4 0-1

[Event "XV Weekend"]
[Site "Nichelino ITA"]
[Date "2014.10.03"]
[Round "1"]
[White "Solomon, Kenny"]
[Black "Finocchiaro, Gianluca"]
[WhiteElo "2376"]
[BlackElo "1987"]
[Result "1-0"]
[PlyCount "74"]
[EventDate "2014.10.03"]

1. d4 Nf6 2. Nf3 c5 3. d5 g6 4. Nc3 d6 5. e4 Bg7 6. Be2 O-O 7. O-O a6 8. a4 Bg4
9. Be3 Nbd7 10. Qd2 b5 11. axb5 axb5 12. Bxb5 Rxa1 13. Rxa1 Qb6 14. Qd3 Rb8 15.
Nd2 Ne5 16. Qf1 Bd7 17. Bxd7 Nfxd7 18. Na4 Qb7 19. h3 Nb6 20. Nxb6 Qxb6 21. c3
Qc7 22. f4 Nd7 23. Nc4 Qb7 24. Qd3 Qb3 25. Bc1 Qb5 26. Ra5 Qb3 27. Kf1 Nf6 28.
Ke2 Nd7 29. Ra3 Qb5 30. Na5 Qb6 31. Nc6 c4 32. Qxc4 Qg1 33. Nxb8 Qxc1 34. Nxd7
Qxb2+ 35. Kf3 h5 36. Ra2 Qb7 37. Qc6 Qb3 1-0

[Event "XV Weekend"]
[Site "Nichelino ITA"]
[Date "2014.10.03"]
[Round "1"]
[White "Yao, Stefano"]
[Black "Malano, Francesco"]
[WhiteElo "2133"]
[BlackElo "1805"]
[Result "1-0"]
[PlyCount "111"]
[EventDate "2014.10.03"]

1. d4 d6 2. Nf3 Nf6 3. g3 g6 4. Bg2 Bg7 5. O-O O-O 6. c4 Nbd7 7. Nc3 c6 8. e4
e5 9. h3 Re8 10. Re1 Qc7 11. Be3 b6 12. Rc1 Bb7 13. Qc2 Rac8 14. Rcd1 a6 15.
dxe5 dxe5 16. c5 b5 17. b4 Rcd8 18. Qc1 Nf8 19. Bh6 Ne6 20. Nh4 Rxd1 21. Nxd1
Rd8 22. Kh1 Qd7 23. Bxg7 Kxg7 24. Nf5+ gxf5 25. exf5 Qd2 26. Qxd2 Rxd2 27. fxe6
fxe6 28. Nc3 Rxf2 29. Rxe5 Kf7 30. a4 bxa4 31. Nxa4 Ra2 32. Nc3 Rb2 33. Ne4
Rxb4 34. Ng5+ Kg6 35. Nxe6 Nd7 36. Re3 Rc4 37. Rb3 Bc8 38. Nf4+ Kh6 39. Bxc6
Rxc5 40. Bg2 Nf6 41. Rb6 Kg7 42. Kh2 Rc2 43. g4 a5 44. Kg3 a4 45. g5 Ne8 46.
Nh5+ Kf8 47. Rb4 a3 48. Rf4+ Ke7 49. Re4+ Kf8 50. Rf4+ Ke7 51. Ra4 Rc3+ 52. Kh2
Bf5 53. Nf4 Be6 54. Ra7+ Nc7 55. Bd5 Bxd5 56. Nxd5+ 1-0

[Event "XV Weekend"]
[Site "Nichelino ITA"]
[Date "2014.10.04"]
[Round "2"]
[White "D'Ingiullo, Roberto"]
[Black "Martin, Tiziano"]
[WhiteElo "2091"]
[BlackElo "1926"]
[Result "1/2-1/2"]
[PlyCount "64"]
[EventDate "2014.10.03"]

1. e4 e5 2. Nf3 d6 3. Bc4 Be7 4. c3 Nf6 5. Qe2 O-O 6. O-O Nc6 7. Na3 a6 8. d4
Bg4 9. Nc2 exd4 10. cxd4 d5 11. exd5 Nxd5 12. h3 Be6 13. Ne5 Qd6 14. b3 Rfe8
15. Ba3 Qd8 16. Nxc6 bxc6 17. Bxe7 Rxe7 18. Qf3 Qd6 19. Ne3 a5 20. Bxd5 Bxd5
21. Nxd5 cxd5 22. Qc3 Qb6 23. Rfe1 Rae8 24. Rac1 Rxe1+ 25. Rxe1 Rxe1+ 26. Qxe1
Kf8 27. Qe5 c5 28. Qxd5 cxd4 29. a3 g6 30. Qc4 Qd6 31. Qd3 Qc5 32. Kf1 Qxa3
1/2-1/2

[Event "XV Weekend"]
[Site "Nichelino ITA"]
[Date "2014.10.04"]
[Round "2"]
[White "Finocchiaro, Gianluca"]
[Black "Piantadosi, Angelo"]
[WhiteElo "1987"]
[BlackElo "1839"]
[Result "1-0"]
[PlyCount "77"]
[EventDate "2014.10.03"]

1. e4 Nf6 2. e5 Nd5 3. d4 d6 4. c4 Nb6 5. Nf3 Bg4 6. h3 Bh5 7. g4 Bg6 8. e6
fxe6 9. Bd3 Bxd3 10. Qxd3 d5 11. Ng5 Nxc4 12. Qf3 Nd6 13. Bf4 Qd7 14. Nc3 h6
15. Bxd6 exd6 16. Nxe6 Qxe6+ 17. Kf1 Kd7 18. Re1 Qg8 19. Qf5+ Kd8 20. Nxd5 Nc6
21. Nf4 Qc4+ 22. Kg1 Ne7 23. Ne6+ Ke8 24. Qe4 Rb8 25. Nxf8 Kxf8 26. Qxe7+ Kg8
27. Kg2 Qd5+ 28. Kg3 Rf8 29. f4 Qxd4 30. f5 Qxb2 31. Qe6+ Kh7 32. Qg6+ Kg8 33.
Re7 Qf6 34. Rhe1 Qc3+ 35. R1e3 Qd4 36. Qe6+ Kh7 37. Qg6+ Kg8 38. Re8 Qf6 39.
Rxf8+ 1-0

[Event "XV Weekend"]
[Site "Nichelino ITA"]
[Date "2014.10.04"]
[Round "2"]
[White "Franchini, Gabriele"]
[Black "Solomon, Kenny"]
[WhiteElo "2146"]
[BlackElo "2376"]
[Result "0-1"]
[PlyCount "62"]
[EventDate "2014.10.03"]

1. e4 d6 2. d4 Nf6 3. Nc3 g6 4. f3 c6 5. Be3 Nbd7 6. Qd2 b5 7. g4 Nb6 8. Nd1 h6
9. Bf2 Bg7 10. Ne3 Rb8 11. Rd1 Qc7 12. b3 O-O 13. Ne2 e5 14. dxe5 dxe5 15. Bg2
Be6 16. O-O Rfd8 17. Qa5 Bf8 18. Nc1 Rd4 19. c3 Rd7 20. Rd3 Rbd8 21. Rfd1 Bc5
22. Bf1 h5 23. h3 Be7 24. Kg2 hxg4 25. hxg4 Ne8 26. Rxd7 Bxd7 27. c4 Ng7 28.
cxb5 cxb5 29. Bxb5 Bxb5 30. Qxb5 Rxd1 31. Nxd1 Qxc1 0-1

[Event "XV Weekend"]
[Site "Nichelino ITA"]
[Date "2014.10.04"]
[Round "2"]
[White "Frigieri, Fabrizio"]
[Black "Barcellona, Antonino"]
[WhiteElo "2171"]
[BlackElo "1757"]
[Result "1-0"]
[PlyCount "47"]
[EventDate "2014.10.03"]

1. e4 d6 2. d4 g6 3. Be3 Bg7 4. Qd2 Nf6 5. f3 c6 6. Nc3 b5 7. O-O-O Qa5 8. Kb1
b4 9. Nce2 c5 10. dxc5 dxc5 11. Bxc5 Be6 12. Nc1 Nc6 13. Qf2 Nd7 14. Be3 Bxb2
15. Kxb2 Qa3+ 16. Kb1 Nb6 17. Bb5 Rc8 18. Bxb6 axb6 19. Qxb6 O-O 20. Bxc6 Ra8
21. Bxa8 Rxa8 22. Rd8+ Rxd8 23. Qxd8+ Kg7 24. Qxe7 1-0

[Event "XV Weekend"]
[Site "Nichelino ITA"]
[Date "2014.10.04"]
[Round "2"]
[White "Seletsky, Grigory"]
[Black "Yao, Stefano"]
[WhiteElo "2358"]
[BlackElo "2133"]
[Result "1-0"]
[PlyCount "87"]
[EventDate "2014.10.03"]

1. e4 c5 2. Nf3 d6 3. d4 cxd4 4. Nxd4 Nf6 5. Nc3 Nc6 6. f3 e5 7. Nb3 Be7 8. Be3
O-O 9. Qd2 Be6 10. Nd5 Bxd5 11. exd5 Nb8 12. Be2 Nbd7 13. O-O Qc7 14. c4 a5 15.
Rac1 a4 16. Na1 Nc5 17. Nc2 Rfc8 18. Na3 Qd8 19. Rfd1 h6 20. Nb5 Nh5 21. g3 Nf6
22. Rb1 Nh7 23. b4 axb3 24. axb3 Ng5 25. b4 Nd7 26. c5 dxc5 27. d6 Bf6 28. Nc7
Ra3 29. bxc5 e4 30. f4 Rd3 31. Qc1 Rc3 32. Qxc3 Nh3+ 33. Kg2 Nxf4+ 34. gxf4
Bxc3 35. Rxb7 Rb8 36. Rxb8 Nxb8 37. Nd5 Bf6 38. Nxf6+ Qxf6 39. d7 Nc6 40. Rd6
Qb2 41. Kf2 Nd8 42. Rb6 Qa1 43. c6 Ne6 44. c7 1-0

[Event "XV Weekend"]
[Site "Nichelino ITA"]
[Date "2014.10.04"]
[Round "3"]
[White "Di Chiara, Mauro"]
[Black "Llupa, Oltjon"]
[WhiteElo "1959"]
[BlackElo "1966"]
[Result "0-1"]
[PlyCount "100"]
[EventDate "2014.10.03"]

1. Nf3 d5 2. d4 e6 3. c4 c6 4. g3 Nf6 5. Bg2 Bb4+ 6. Bd2 Bd6 7. O-O O-O 8. Qc2
Nbd7 9. Na3 b6 10. cxd5 cxd5 11. Qc6 Qc7 12. Qxa8 Ba6 13. Qxf8+ Nxf8 14. Rfc1
Qd7 15. Bf1 Ng6 16. Nc2 Ne4 17. Bb4 Bb8 18. a4 h5 19. a5 b5 20. Be1 h4 21. Nb4
Bb7 22. a6 Ba8 23. Rc2 hxg3 24. fxg3 f6 25. Rac1 Ne7 26. Bh3 Qd6 27. Nd3 Qxa6
28. Bb4 Kf7 29. Rc7 Bxc7 30. Rxc7 Nd6 31. Bxe6+ Ke8 32. Nc5 Qa1+ 33. Kg2 Qxb2
34. Bd7+ Kf7 35. Be6+ Kf8 36. Nd7+ Ke8 37. Bd2 Nc4 38. Rxa7 Bc6 39. Nb8 Nxd2
40. Nxc6 Nxc6 41. Bd7+ Kf8 42. Bxc6 Nxf3 43. Ra8+ Ke7 44. Ra7+ Kd6 45. Kxf3
Qc3+ 46. e3 Qxc6 47. Rxg7 b4 48. Rg6 Ke7 49. h4 b3 50. h5 Kf7 0-1

[Event "XV Weekend"]
[Site "Nichelino ITA"]
[Date "2014.10.04"]
[Round "3"]
[White "Gallucci, Alessio"]
[Black "Frigieri, Fabrizio"]
[WhiteElo "2200"]
[BlackElo "2171"]
[Result "0-1"]
[PlyCount "104"]
[EventDate "2014.10.03"]

1. c4 Nf6 2. d4 e6 3. Nc3 d5 4. Bg5 Be7 5. e3 Nbd7 6. Nf3 c6 7. cxd5 exd5 8.
Bd3 Nh5 9. Bxe7 Qxe7 10. Qc2 Nf4 11. O-O Nxd3 12. Qxd3 O-O 13. a3 a5 14. Na4 b5
15. Nc3 b4 16. axb4 Qxb4 17. Rfc1 Qxb2 18. Na4 Qb7 19. Qc2 Ra6 20. Ng5 g6 21.
e4 h6 22. Ne6 fxe6 23. exd5 Nf6 24. Nc5 Qf7 25. dxe6 Qg7 26. Nxa6 Bxa6 27. Rxa5
Bb5 28. Rca1 Nd5 29. Ra7 Qf6 30. Ra8 Qxe6 31. Rxf8+ Kxf8 32. h3 Ne7 33. Qd2 Kg7
34. Re1 Qf6 35. Re3 Nf5 36. Re5 Bc4 37. Qb2 Bd5 38. Qb7+ Qf7 39. Qb1 Qf8 40.
Qb7+ Kf6 41. Qd7 h5 42. h4 Qf7 43. Qd8+ Kg7 44. Qg5 Qf6 45. Qxf6+ Kxf6 46. g3
Nxd4 47. Re8 c5 48. Kf1 c4 49. Rd8 Ke5 50. Re8+ Be6 51. Ke1 c3 52. Kd1 Ke4 0-1

[Event "XV Weekend"]
[Site "Nichelino ITA"]
[Date "2014.10.04"]
[Round "3"]
[White "Malano, Francesco"]
[Black "Franchini, Gabriele"]
[WhiteElo "1805"]
[BlackElo "2146"]
[Result "1-0"]
[PlyCount "105"]
[EventDate "2014.10.03"]

1. d4 Nf6 2. Nf3 c5 3. c3 b6 4. dxc5 bxc5 5. e4 Bb7 6. e5 Nd5 7. Bd3 Nc7 8. O-O
g6 9. Re1 Bg7 10. Bf4 Ne6 11. Bg3 O-O 12. Nbd2 Nc6 13. Qe2 a5 14. a4 Re8 15.
Ne4 Qb6 16. Red1 Rad8 17. Bb5 Qc7 18. Nf6+ exf6 19. exf6 Nf4 20. Qc4 Bh6 21.
Qxc5 Qc8 22. Re1 Ne6 23. Qc4 Bf8 24. Rad1 d5 25. Qh4 d4 26. cxd4 Nexd4 27. Ng5
h6 28. Nxf7 Nf5 29. Qc4 Kh7 30. Nxd8 Qxd8 31. Qf7+ Kh8 32. Qxb7 Rxe1+ 33. Rxe1
Bb4 34. Rf1 Ncd4 35. Qd7 Qxf6 36. Qe8+ Kh7 37. Be5 Qf8 38. Qd7+ Qe7 39. Qxe7+
Bxe7 40. Bxd4 Nxd4 41. Rd1 Bc5 42. Rc1 Bb4 43. Rc7+ Kg8 44. Bc4+ Kf8 45. Kf1
Nf5 46. Ke2 Ne7 47. Kd3 Kg7 48. Ke4 Kf6 49. Bd3 g5 50. g4 Ke6 51. Rb7 Bd6 52.
Rb6 Kd7 53. Ra6 1-0

[Event "XV Weekend"]
[Site "Nichelino ITA"]
[Date "2014.10.04"]
[Round "3"]
[White "Martin, Tiziano"]
[Black "Ronzano, Luca"]
[WhiteElo "1926"]
[BlackElo "1895"]
[Result "1/2-1/2"]
[PlyCount "44"]
[EventDate "2014.10.03"]

1. d4 d5 2. Nf3 Nc6 3. Bf4 Bg4 4. e3 e6 5. Be2 Bd6 6. Ne5 Bxe2 7. Qxe2 Bxe5 8.
dxe5 Nge7 9. Bg3 Nf5 10. Nd2 Nxg3 11. hxg3 Nxe5 12. O-O-O Qe7 13. e4 O-O-O 14.
exd5 Rxd5 15. f4 Nc6 16. Nf3 Rxd1+ 17. Rxd1 h6 18. Ne5 Nxe5 19. Qxe5 f6 20. Qe3
Kb8 21. Qd4 Re8 22. Qd7 c6 1/2-1/2

[Event "XV Weekend"]
[Site "Nichelino ITA"]
[Date "2014.10.04"]
[Round "3"]
[White "Solomon, Kenny"]
[Black "Seletsky, Grigory"]
[WhiteElo "2376"]
[BlackElo "2358"]
[Result "1-0"]
[PlyCount "117"]
[EventDate "2014.10.03"]

1. d4 Nf6 2. c4 c5 3. d5 e5 4. Nc3 d6 5. e4 Be7 6. h3 O-O 7. Bd3 Na6 8. Nf3 Nc7
9. a3 a6 10. b4 Nd7 11. Be3 Rb8 12. O-O b5 13. cxb5 Nxb5 14. Nxb5 axb5 15. Bc2
cxb4 16. axb4 Nb6 17. Bd3 Na4 18. Qe2 Bd7 19. Rfc1 Rb7 20. Ra2 Qb8 21. Rac2 Bd8
22. Nd2 Rc7 23. Nb3 Rxc2 24. Rxc2 Bb6 25. Bxb5 Bxb5 26. Qxb5 Bxe3 27. Qxa4 Bb6
28. Qa6 g6 29. b5 Qd8 30. Rc6 Bxf2+ 31. Kxf2 Qh4+ 32. g3 Qxh3 33. Rc3 f5 34.
Rc8 Qh2+ 35. Kf1 Qh1+ 36. Kf2 Qh2+ 37. Kf1 Qh1+ 38. Ke2 Qxe4+ 39. Kd1 Qxd5+ 40.
Nd2 e4 41. Qc6 Qxc6 42. Rxc6 Kf7 43. Rxd6 Rb8 44. b6 Ke7 45. Nc4 Rc8 46. b7 Rb8
47. Rb6 Kd7 48. Na5 Kc7 49. Rc6+ Kd7 50. Rf6 Kc7 51. Ke2 Re8 52. Rc6+ Kb8 53.
Ra6 Kc7 54. Ke3 Rd8 55. Ra8 Rb8 56. Kd4 h5 57. Kc5 e3 58. Rxb8 Kxb8 59. Kb6 1-0

[Event "XV Weekend"]
[Site "Nichelino ITA"]
[Date "2014.10.04"]
[Round "3"]
[White "Yao, Stefano"]
[Black "Melone, Antonio"]
[WhiteElo "2133"]
[BlackElo "2134"]
[Result "1/2-1/2"]
[PlyCount "81"]
[EventDate "2014.10.03"]

1. d4 Nf6 2. Nf3 g6 3. c4 c5 4. g3 Bg7 5. Bg2 O-O 6. O-O Nc6 7. Nc3 cxd4 8.
Nxd4 Nxd4 9. Qxd4 d6 10. Qd3 Nd7 11. b3 Nc5 12. Qd2 a5 13. Ba3 Be6 14. Rad1 Qb6
15. Nd5 Bxd5 16. Bxd5 Na6 17. h4 Nb4 18. Bg2 Nc6 19. Rc1 Rfd8 20. e3 Nb4 21.
Rfd1 Rac8 22. Qe2 Rc5 23. Rb1 Be5 24. Bb2 Bxb2 25. Qxb2 Nc6 26. Qe2 Qb4 27. Qb2
Qb6 28. Rd2 Ne5 29. Rbd1 Qa7 30. Rd5 b6 31. h5 gxh5 32. Qe2 Qd7 33. Qxh5 Qg4
34. Qxg4+ Nxg4 35. e4 a4 36. Bh3 Rxd5 37. exd5 Ne5 38. f4 Nd7 39. Re1 Kf8 40.
Bf5 Nf6 41. b4 1/2-1/2

[Event "XV Weekend"]
[Site "Nichelino ITA"]
[Date "2014.10.05"]
[Round "4"]
[White "Franchini, Gabriele"]
[Black "Yao, Stefano"]
[WhiteElo "2146"]
[BlackElo "2133"]
[Result "1/2-1/2"]
[PlyCount "73"]
[EventDate "2014.10.03"]

1. e4 c5 2. Nf3 d6 3. Bb5+ Nd7 4. O-O Ngf6 5. Re1 a6 6. Bxd7+ Bxd7 7. h3 e6 8.
d4 cxd4 9. Qxd4 Be7 10. c4 Bc6 11. Nc3 O-O 12. b3 b5 13. cxb5 axb5 14. Qd3 b4
15. Nb5 Rb8 16. Nbd4 Ba8 17. Bg5 Qb6 18. Nd2 Rfc8 19. Nc4 Qc5 20. Nf3 h6 21.
Bxf6 Bxf6 22. Rad1 d5 23. exd5 Bxd5 24. Nfe5 Bxe5 25. Rxe5 Bxc4 26. Rxc5 Bxd3
27. Rxc8+ Rxc8 28. Rxd3 Rc1+ 29. Kh2 Rc2 30. Kg1 e5 31. Rd8+ Kh7 32. Rb8 Rxa2
33. Rxb4 Rb2 34. Rb7 Kg6 35. Rb6+ f6 36. Rb7 h5 37. h4 1/2-1/2

[Event "XV Weekend"]
[Site "Nichelino ITA"]
[Date "2014.10.05"]
[Round "4"]
[White "Frigieri, Fabrizio"]
[Black "Solomon, Kenny"]
[WhiteElo "2171"]
[BlackElo "2376"]
[Result "0-1"]
[PlyCount "104"]
[EventDate "2014.10.03"]

1. e4 d6 2. d4 Nf6 3. Nc3 g6 4. Nf3 Bg7 5. Be2 O-O 6. O-O c6 7. a4 Qa5 8. Bd2
Qc7 9. h3 Nbd7 10. Re1 e5 11. Be3 exd4 12. Bxd4 Bh6 13. Bc4 Ne5 14. Nxe5 dxe5
15. Bc5 Rd8 16. Qf3 Kg7 17. Rad1 Be6 18. Bxe6 fxe6 19. Rxd8 Rxd8 20. Rd1 b6 21.
Rxd8 Qxd8 22. Be3 Bxe3 23. Qxe3 Qd4 24. Qd3 Qxd3 25. cxd3 Nd7 26. Kf1 Nc5 27.
Ke2 a5 28. Ke3 Kf6 29. g3 g5 30. f3 h6 31. d4 exd4+ 32. Kxd4 e5+ 33. Ke3 h5 34.
Ke2 h4 35. gxh4 gxh4 36. Ke3 Ke6 37. Na2 Nxa4 38. b4 Nb2 39. bxa5 Nc4+ 40. Kd3
Nxa5 41. Ke3 b5 42. Nb4 Nc4+ 43. Kf2 Na5 44. Ke3 Kf6 45. f4 Nc4+ 46. Kf3 exf4
47. Kxf4 Ne5 48. Na6 Ng6+ 49. Ke3 Ke5 50. Nc5 Nf4 51. Nd7+ Kd6 52. Nf8 Ke7 0-1

[Event "XV Weekend"]
[Site "Nichelino ITA"]
[Date "2014.10.05"]
[Round "4"]
[White "Llupa, Oltjon"]
[Black "Barcellona, Antonino"]
[WhiteElo "1966"]
[BlackElo "1757"]
[Result "1-0"]
[PlyCount "81"]
[EventDate "2014.10.03"]

1. d4 d5 2. c4 c6 3. cxd5 cxd5 4. Nc3 Nf6 5. Bf4 Nh5 6. Bg5 h6 7. Bh4 g6 8. e3
Bg7 9. Be2 Nf6 10. Bg3 a6 11. h3 b5 12. Bd3 Nc6 13. Nf3 b4 14. Na4 O-O 15. O-O
Nh5 16. Bh2 Re8 17. Rc1 Bd7 18. Nc5 a5 19. Nxd7 Qxd7 20. Bb5 Rac8 21. Qa4 Qa7
22. Bxc6 Rf8 23. Bd7 Rxc1 24. Rxc1 f5 25. Ne5 Kh7 26. Rc7 Qxc7 27. Nd3 Qc4 28.
Bb5 Qc8 29. Qxa5 Qa8 30. Qxa8 Rxa8 31. Nxb4 e6 32. a4 Bf8 33. Nc6 Nf6 34. a5
Ne8 35. a6 Bd6 36. a7 Bxh2+ 37. Kxh2 Nd6 38. Ba6 Kg7 39. b4 Nc8 40. Bxc8 Rxc8
41. Nb8 1-0

[Event "XV Weekend"]
[Site "Nichelino ITA"]
[Date "2014.10.05"]
[Round "4"]
[White "Melone, Antonio"]
[Black "Malano, Francesco"]
[WhiteElo "2134"]
[BlackElo "1805"]
[Result "0-1"]
[PlyCount "46"]
[EventDate "2014.10.03"]

1. d4 d5 2. c4 c6 3. Nf3 dxc4 4. a4 e6 5. Nc3 Bb4 6. Bd2 b5 7. e3 a5 8. axb5
Bxc3 9. Bxc3 cxb5 10. b3 Bb7 11. bxc4 b4 12. Bb2 Nf6 13. Bd3 O-O 14. O-O Nbd7
15. Re1 Ng4 16. Qc2 f5 17. Qa4 Qc7 18. c5 Bc6 19. Qb3 Bd5 20. Bc4 Bxc4 21. Qxc4
Qc6 22. Ne5 Ndxe5 23. dxe5 Rfd8 0-1

[Event "XV Weekend"]
[Site "Nichelino ITA"]
[Date "2014.10.05"]
[Round "4"]
[White "Piantadosi, Angelo"]
[Black "Martin, Tiziano"]
[WhiteElo "1839"]
[BlackElo "1926"]
[Result "1/2-1/2"]
[PlyCount "50"]
[EventDate "2014.10.03"]

1. e4 e6 2. d4 d5 3. exd5 exd5 4. Bd3 Bd6 5. Ne2 Nc6 6. c3 Nf6 7. O-O O-O 8.
Bf4 Bg4 9. f3 Bh5 10. Re1 Bg6 11. Bxg6 hxg6 12. Bxd6 Qxd6 13. Ng3 Rfe8 14. Nd2
Rxe1+ 15. Qxe1 Re8 16. Qf1 Qf4 17. Qd3 Re3 18. Qc2 Nh5 19. Ndf1 Re6 20. Kf2 Nf6
21. Kg1 a6 22. Qd2 Qxd2 23. Nxd2 Na5 24. Kf2 Rb6 25. Rb1 Rc6 1/2-1/2

[Event "XV Weekend"]
[Site "Nichelino ITA"]
[Date "2014.10.05"]
[Round "4"]
[White "Ronzano, Luca"]
[Black "Gallucci, Alessio"]
[WhiteElo "1895"]
[BlackElo "2200"]
[Result "0-1"]
[PlyCount "74"]
[EventDate "2014.10.03"]

1. d4 Nf6 2. Bg5 c5 3. Nc3 cxd4 4. Qxd4 Nc6 5. Qh4 e6 6. e4 Bb4 7. Nge2 Ne5 8.
O-O-O Ng6 9. Qg3 h6 10. Bd2 Ba5 11. f4 b5 12. e5 b4 13. exf6 bxc3 14. Bxc3 Bxc3
15. Nxc3 Qxf6 16. Ne4 Qxf4+ 17. Qxf4 Nxf4 18. Nd6+ Ke7 19. Bb5 Nd5 20. Nf5+ Kf8
21. Nd6 Ke7 22. Nf5+ Kd8 23. c4 Nf6 24. Nd6 Ke7 25. Rhe1 Rd8 26. c5 Rb8 27. Bc4
Bb7 28. Rf1 Rf8 29. Rd2 Ne4 30. Nxe4 Bxe4 31. Rfd1 Bc6 32. g3 Rfc8 33. Rd3 Rc7
34. a3 a5 35. b3 Bb5 36. Rc3 Rxc5 37. Rd4 d5 0-1